Statistics for 地球上十五个最大的机场

Click here to take the quiz!

General Stats

  • This quiz has been taken 5 times
  • The average score is 10 of 15

Answer Stats

大陆机场城市% Correct
亚洲北京
100%
亚洲东京
100%
亚洲上海
100%
北美洛杉矶
80%
欧洲伦敦
80%
亚洲香港
80%
欧洲巴黎
80%
北美亚特兰大
60%
亚洲迪拜
60%
欧洲法兰克福
60%
北美纽约
60%
北美达拉斯
40%
欧洲阿姆斯特丹
40%
欧洲伊斯坦布尔
40%
北美芝加哥
20%

Score Distribution

Percentile by Number Answered

Percent of People with Each Score

Your Score History

You have not taken this quiz